000 00368 a2200145 4500
001 153949
040 _cEscola São Tomás de Aquino
100 _aCASASANTA, Therezinha
240 1 0 _aPeixinho dourado vai passear
_lpor
245 1 0 _aPeixinho dourado vai passear
362 0 _a2009
440 1 _aEditora do Brasil
697 _a*LITERATURA INFANTIL
942 _cBK
999 _c153949
_d153949